000 00618nam a2200241Ia 4500
001 810
003 GE_BSU
008 181216s||||||||xx |||||||||||||| ||und||
020 _a5938780195
040 _cGE_BSU
080 _a159.9.301
100 _aБерн,шон
245 _aГендерная психология.
250 _a2-е международное
260 _aСПБ
260 _b,,Прайм-Еврознак"",
260 _c2002
300 _a320 с.
541 _h8 л.
653 _aГендерная Психология
653 _aფსიქოლოგია
942 _cBK
999 _c34975
_d34975